Oceania Capitals on the Map - Statistics

General Stats
  • This quiz has been taken 48 times
  • The average score is 12 of 14
Answers on the Map
Answers color-coded by a green-red scale on the quiz's map according to % correct below.
 
Answer Stats
Answer % Correct
Canberra
100%
Wellington
98%
Port Moresby
96%
Suva
96%
Honiara
84%
Port Vila
84%
South Tarawa
84%
Apia
82%
Nuku'alofa
82%
Ngerulmud
80%
Yaren
80%
Funafuti
78%
Palikir
73%
Majuro
71%
No matching quizzes found
Score Distribution
Percent of People with Each Score
Percentile by Number Answered
Your Score History
You have not taken this quiz